000 00889nas a2200301 4500
001 BR8904077
003 BR-BrBNA
005 20231205091648.0
007 ta
008 230509b bl.|||p| |||| 00| 00por d
040 _aBR-BrBNA
_bpor
_cBiblioteca Nacional de Agricultura
041 _a(Pt)
072 _aQ03
100 1 _aD'Alessandro, W.T.
100 1 _aTerezine, C.A.
100 1 _aLaboissiere, A.C.
100 1 _aRocha, J.M.
100 1 _aCosta, F.M.A.
100 1 _aCerqueira, M.S.B
245 1 _aEstudo da variacao em lactose no leite bovino cru, da bacia leiteira de Goiania
650 _aLEITE
650 _aLACTOSE
650 _aHIGIENE DE ALIMENTO
650 _aGOIAS
773 0 _tCiencia e Tecnologia de Alimentos (Brazil)
_xISSN 0101-2061
_g(Jan-Jun 1989), v. 9(1) p. 88-106
_wBR8904077
909 _a202311
_bLúcia
_c55
_dLúcia Elande
942 _2AGRIS
_n0
_cANA
999 _c126531
_d126531